000 00503nam a2200169Ia 4500
003 LK-CoDNM
008 010623t xxu||||| |||| 00| 1 sin d
040 _aLK-CoDNM
_dLK-CoDNM
_eLK-CoDNM
041 _asin
080 _a294.3 SAR
100 _aSarana Thero,Thanthirimulle.
245 _aසිදුහත් කුමරු සම්බුදු පදවි ලබති
246 _aSiduhath Kumaru Sambudu Padavi Labathi.
260 _bSrideevi
_aDehiwala
300 _b47p., 21 cm
942 _cBK
999 _c142066
_d142066